[Event "EU-ch 8th"]
[Site "Dresden"]
[Date "2007.04.12"]
[Round "9"]
[White "Kharlov, Andrei"]
[Black "Ragger, Markus"]
[Result "1/2-1/2"]
[WhiteElo "2572"]
[BlackElo "2498"]
[PlyCount "143"]
[EventDate "2007.04.03"]
[EventType "swiss"]
[EventRounds "11"]
[EventCountry "GER"]
[SourceTitle "CBM 118"]
[Source "ChessBase"]
[SourceDate "2007.05.31"]
[SourceVersion "1"]
[SourceVersionDate "2007.05.31"]
[SourceQuality "1"]

1. c4 c5 2. Nf3 Nf6 3. Nc3 Nc6 4. e3 e6 5. d4 d5 6. a3 a6 7. dxc5 Bxc5 8. b4
Ba7 9. c5 O-O 10. Be2 e5 11. Bb2 Bf5 12. Na4 Qc7 13. O-O Rad8 14. Nh4 Bc8 15.
Qc2 Bb8 16. g3 Ne7 17. f4 Nc6 18. f5 Qe7 19. Nb6 e4 20. Rad1 Ne5 21. Qb3 Bd7
22. Ng2 Bb5 23. Bxb5 axb5 24. Nf4 Nf3+ 25. Rxf3 exf3 26. Bxf6 Qxf6 27. Nbxd5
Qe5 28. Kf2 Rde8 29. Qd3 Qb2+ 30. Rd2 Qa1 31. Kxf3 Qh1+ 32. Kg4 Be5 33. Qc2 g6
34. Qd3 Rd8 35. e4 gxf5+ 36. Kxf5 Rde8 37. Nh5 Kh8 38. Qe2 Bb8 39. Ndf6 Re5+
40. Kg4 Qa1 41. Kh3 Rg5 42. Qf3 Qe5 43. Kg2 Qe6 44. Rd5 Be5 45. Nd7 Rfg8 46.
Nhf6 Ra8 47. Nxe5 Rxe5 48. Qc3 Rxd5 49. exd5 Qe2+ 50. Kh3 Qf1+ 51. Kg4 Qc4+ 52.
Ne4+ Qxc3 53. Nxc3 Rxa3 54. Nxb5 Rb3 55. Kf5 Rxb4 56. Nd6 Rb2 57. Nxb7 Rxb7 58.
c6 Rb5 59. Ke5 Kg7 60. Kd6 Rb2 61. c7 Rc2 62. Kd7 Kf6 63. c8=Q Rxc8 64. Kxc8
Ke5 65. Kd7 Kxd5 66. Ke7 f5 67. Kf6 Ke4 68. Kg5 h6+ 69. Kxh6 f4 70. gxf4 Kxf4
71. h4 Kf5 72. h5 1/2-1/2

[Event "EU-ch 8th"]
[Site "Dresden"]
[Date "2007.04.13"]
[Round "10"]
[White "Polak, Tomas"]
[Black "Kharlov, Andrei"]
[Result "1/2-1/2"]
[WhiteElo "2510"]
[BlackElo "2572"]
[PlyCount "69"]
[EventDate "2007.04.03"]
[EventType "swiss"]
[EventRounds "11"]
[EventCountry "GER"]
[SourceTitle "CBM 118"]
[Source "ChessBase"]
[SourceDate "2007.05.31"]
[SourceVersion "1"]
[SourceVersionDate "2007.05.31"]
[SourceQuality "1"]

1. d4 Nf6 2. c4 e6 3. Nf3 d5 4. Nc3 dxc4 5. e4 Bb4 6. Bg5 c5 7. e5 h6 8. exf6
hxg5 9. fxg7 Rg8 10. a3 Bxc3+ 11. bxc3 Nc6 12. Bxc4 cxd4 13. Nxd4 Nxd4 14. cxd4
Qa5+ 15. Qd2 Qxd2+ 16. Kxd2 Bd7 17. h4 gxh4 18. Rxh4 Rd8 19. Rg4 f5 20. Rg5 Ke7
21. Rh1 Be8 22. Kd3 b5 23. Bb3 Rd6 24. Rh8 Bf7 25. Kc3 Kf6 26. Rxg8 Bxg8 27. f4
a5 28. g4 b4+ 29. axb4 axb4+ 30. Kd3 fxg4 31. Rxg4 Rc6 32. Kd2 Rc7 33. Bc2 Rxg7
34. Rxg7 Kxg7 35. f5 1/2-1/2

[Event "EU-ch 8th"]
[Site "Dresden"]
[Date "2007.04.14"]
[Round "11"]
[White "Kharlov, Andrei"]
[Black "Van der Weide, Karel"]
[Result "0-1"]
[WhiteElo "2572"]
[BlackElo "2502"]
[PlyCount "68"]
[EventDate "2007.04.03"]
[EventType "swiss"]
[EventRounds "11"]
[EventCountry "GER"]
[SourceTitle "CBM 118"]
[Source "ChessBase"]
[SourceDate "2007.05.31"]
[SourceVersion "1"]
[SourceVersionDate "2007.05.31"]
[SourceQuality "1"]

1. e4 c5 2. Nf3 d6 3. d4 cxd4 4. Nxd4 Nf6 5. Nc3 a6 6. Be3 e5 7. Nf3 Be7 8. Bc4
O-O 9. O-O Be6 10. Qe2 Qc7 11. Bb3 Rc8 12. Rfd1 b5 13. Bg5 Nbd7 14. Bxf6 Nxf6
15. a3 Bc4 16. Bxc4 Qxc4 17. Qxc4 Rxc4 18. Nd2 Rc6 19. f3 Bd8 20. Nb3 Kf8 21.
Rd3 h5 22. Rad1 Ke7 23. h4 g6 24. Kh2 Rb8 25. R1d2 a5 26. Nd5+ Nxd5 27. Rxd5
Ke6 28. Kh3 f5 29. c3 Bc7 30. Re2 fxe4 31. fxe4 b4 32. cxb4 axb4 33. a4 Bb6 34.
Rb5 Bc7 0-1

[Event "RUS-chT"]
[Site "Sochi"]
[Date "2007.05.04"]
[Round "3"]
[White "Kharlov, Andrei"]
[Black "Grigoriants, Sergey"]
[Result "1/2-1/2"]
[WhiteElo "2572"]
[BlackElo "2594"]
[PlyCount "53"]
[EventDate "2007.05.02"]
[EventType "team"]
[EventRounds "9"]
[EventCountry "RUS"]
[SourceTitle "CBM 118"]
[Source "ChessBase"]
[SourceDate "2007.05.31"]
[SourceVersion "1"]
[SourceVersionDate "2007.05.31"]
[SourceQuality "1"]

1. d4 d5 2. c4 c6 3. Nf3 Nf6 4. Qb3 dxc4 5. Qxc4 Bf5 6. g3 e6 7. Bg2 Nbd7 8.
Nc3 Be7 9. O-O O-O 10. Re1 Ne4 11. Qb3 Qb6 12. Nh4 Bxh4 13. gxh4 Nef6 14. Qxb6
axb6 15. e4 Bg6 16. Bf4 Rfe8 17. Rad1 e5 18. Bg3 Bh5 19. f3 b5 20. a3 exd4 21.
Rxd4 Nb6 22. Kf2 Nfd7 23. Bc7 Rac8 24. Bd6 Ra8 25. Bc7 Rac8 26. Bd6 Ra8 27. Bc7
1/2-1/2

[Event "Tatarstan-ch op"]
[Site "Kazan"]
[Date "2007.08.20"]
[Round "1"]
[White "Gatin, Ravil"]
[Black "Kharlov, Andrei"]
[Result "0-1"]
[WhiteElo "2160"]
[BlackElo "2549"]
[PlyCount "58"]
[EventDate "2007.08.20"]
[EventType "swiss"]
[EventRounds "9"]
[EventCountry "RUS"]
[SourceTitle "EXT 2009"]
[Source "ChessBase"]
[SourceDate "2008.11.26"]
[SourceVersion "1"]
[SourceVersionDate "2008.11.26"]
[SourceQuality "1"]

1. d4 Nf6 2. c4 e6 3. Nc3 Bb4 4. Qc2 O-O 5. a3 Bxc3+ 6. bxc3 c5 7. e3 Nc6 8.
Bd3 b6 9. Nf3 Ba6 10. e4 Ne8 11. e5 f5 12. d5 Na5 13. Bg5 Qc7 14. Be7 Rf7 15.
d6 Qc6 16. Qe2 h6 17. O-O Qa4 18. Nd2 Nc6 19. Bh4 g5 20. Bg3 f4 21. Rfc1 Bb7
22. Bg6 Rg7 23. Qh5 fxg3 24. fxg3 Nxe5 25. Bxe8 Qc6 26. Nf3 Nxf3+ 27. gxf3 Qxf3
28. Qxf3 Bxf3 29. Rf1 Bg4 0-1

[Event "Tatarstan-ch op"]
[Site "Kazan"]
[Date "2007.08.21"]
[Round "2"]
[White "Kharlov, Andrei"]
[Black "Ospennikov, Dmitry"]
[Result "1/2-1/2"]
[WhiteElo "2549"]
[BlackElo "2227"]
[PlyCount "90"]
[EventDate "2007.08.20"]
[EventType "swiss"]
[EventRounds "9"]
[EventCountry "RUS"]
[SourceTitle "EXT 2009"]
[Source "ChessBase"]
[SourceDate "2008.11.26"]
[SourceVersion "1"]
[SourceVersionDate "2008.11.26"]
[SourceQuality "1"]

1. d4 Nf6 2. c4 e6 3. Nc3 Bb4 4. Qc2 c5 5. dxc5 O-O 6. a3 Bxc5 7. Bf4 b6 8. e3
Bb7 9. Nf3 Be7 10. Rd1 a6 11. Be2 d6 12. O-O Nh5 13. Bg3 Nxg3 14. hxg3 Nd7 15.
Bd3 Nf6 16. g4 g6 17. g5 Nd7 18. Be4 Bxe4 19. Nxe4 Nc5 20. Nf6+ Kg7 21. b4 Nd7
22. Ne4 Qc7 23. Rd2 b5 24. Rfd1 bxc4 25. Nxd6 Nb6 26. Qc3+ Kg8 27. Qe5 c3 28.
Rd4 c2 29. Rc1 Qc3 30. Qe4 Rfd8 31. Nxf7 Kxf7 32. Rxc2 Qa1+ 33. Kh2 Rac8 34.
Rxc8 Nxc8 35. Rxd8 Bxd8 36. Qb7+ Ne7 37. Qd7 Bb6 38. Qd6 Nd5 39. Qd7+ Ne7 40.
Qb7 Bd8 41. Nd4 Qd1 42. f4 Qe1 43. Qe4 Qh4+ 44. Kg1 Qe1+ 45. Kh2 Qh4+ 1/2-1/2

[Event "Tatarstan-ch op"]
[Site "Kazan"]
[Date "2007.08.22"]
[Round "3"]
[White "Gazizov, Ravil"]
[Black "Kharlov, Andrei"]
[Result "0-1"]
[WhiteElo "2234"]
[BlackElo "2549"]
[PlyCount "77"]
[EventDate "2007.08.20"]
[EventType "swiss"]
[EventRounds "9"]
[EventCountry "RUS"]
[SourceTitle "EXT 2009"]
[Source "ChessBase"]
[SourceDate "2008.11.26"]
[SourceVersion "1"]
[SourceVersionDate "2008.11.26"]
[SourceQuality "1"]

1. d4 d5 2. Nf3 c5 3. c4 dxc4 4. e3 cxd4 5. exd4 Nf6 6. Bxc4 e6 7. O-O Be7 8.
Nc3 O-O 9. Qe2 Nc6 10. Rd1 Na5 11. Bd3 b6 12. Bg5 Bb7 13. Rac1 Rc8 14. Bb1 Rc7
15. Qd3 g6 16. Ne5 Nd5 17. Be3 Nxc3 18. Rxc3 Qd5 19. f3 Rxc3 20. bxc3 Rc8 21.
Bd2 Bf6 22. Ng4 Bg7 23. Qe2 Qd8 24. Be1 Nc4 25. Bd3 Bd5 26. Be4 b5 27. Ne5 Bxe4
28. fxe4 Nxe5 29. dxe5 Qe8 30. Rb1 a6 31. a4 bxa4 32. Qxa6 Ra8 33. Qd6 a3 34.
Ra1 Bf8 35. Qd3 Qb8 36. c4 Qxe5 37. Bc3 Qc5+ 38. Kh1 Rc8 39. Qf3 0-1

[Event "Tatarstan-ch op"]
[Site "Kazan"]
[Date "2007.08.23"]
[Round "4"]
[White "Kharlov, Andrei"]
[Black "Panchenko, Alexander"]
[Result "1-0"]
[WhiteElo "2549"]
[BlackElo "2254"]
[PlyCount "71"]
[EventDate "2007.08.20"]
[EventType "swiss"]
[EventRounds "9"]
[EventCountry "RUS"]
[SourceTitle "EXT 2009"]
[Source "ChessBase"]
[SourceDate "2008.11.26"]
[SourceVersion "1"]
[SourceVersionDate "2008.11.26"]
[SourceQuality "1"]

1. c4 e6 2. Nc3 d5 3. d4 Nf6 4. cxd5 exd5 5. Bg5 Be7 6. e3 O-O 7. Bd3 Re8 8.
Nge2 c6 9. Qc2 Nbd7 10. h3 Nf8 11. O-O-O Be6 12. Kb1 Ne4 13. Bxe4 Bxg5 14. Bd3
Rc8 15. g4 Bh4 16. Nf4 Rc7 17. Ng2 Be7 18. f4 a6 19. f5 Bc8 20. h4 Bd6 21. Qf2
b5 22. g5 b4 23. Ne2 f6 24. Ngf4 fxg5 25. hxg5 Qxg5 26. Rdg1 Qe7 27. Rh3 Qf7
28. Nh5 Ng6 29. Rf3 Rf8 30. Nxg7 Kh8 31. f6 Kg8 32. Nf5 Qxf6 33. Nh6+ Kg7 34.
Rxf6 Rxf6 35. Nf4 Kxh6 36. Rh1+ 1-0

[Event "Tatarstan-ch op"]
[Site "Kazan"]
[Date "2007.08.24"]
[Round "5"]
[White "Kharlov, Andrei"]
[Black "Isajevsky, Anton"]
[Result "1/2-1/2"]
[WhiteElo "2549"]
[BlackElo "2483"]
[PlyCount "48"]
[EventDate "2007.08.20"]
[EventType "swiss"]
[EventRounds "9"]
[EventCountry "RUS"]
[SourceTitle "EXT 2009"]
[Source "ChessBase"]
[SourceDate "2008.11.26"]
[SourceVersion "1"]
[SourceVersionDate "2008.11.26"]
[SourceQuality "1"]

1. d4 d5 2. c4 e6 3. Nc3 Be7 4. cxd5 exd5 5. Bf4 c6 6. e3 Bd6 7. Bg3 Ne7 8. Bd3
Bf5 9. Nf3 O-O 10. Qc2 Bxd3 11. Qxd3 Nc8 12. O-O-O f5 13. Kb1 Nd7 14. Ne5 Bxe5
15. Bxe5 Qe7 16. Bf4 Nd6 17. Ka1 a5 18. Qc2 Nc4 19. h4 b5 20. Rdg1 Nf6 21. Bg5
a4 22. Rc1 Qd7 23. Bxf6 Rxf6 24. g3 Rd8 1/2-1/2

[Event "Tatarstan-ch op"]
[Site "Kazan"]
[Date "2007.08.25"]
[Round "6"]
[White "Aleksandrov, Vladimir"]
[Black "Kharlov, Andrei"]
[Result "0-1"]
[WhiteElo "2336"]
[BlackElo "2549"]
[PlyCount "60"]
[EventDate "2007.08.20"]
[EventType "swiss"]
[EventRounds "9"]
[EventCountry "RUS"]
[SourceTitle "EXT 2009"]
[Source "ChessBase"]
[SourceDate "2008.11.26"]
[SourceVersion "1"]
[SourceVersionDate "2008.11.26"]
[SourceQuality "1"]

1. d4 Nf6 2. Nf3 d5 3. e3 c5 4. c3 Nbd7 5. Nbd2 g6 6. Bd3 Bg7 7. O-O O-O 8. Qe2
Re8 9. e4 cxd4 10. Nxd4 e5 11. N4b3 Qc7 12. Rd1 b6 13. a4 Bb7 14. a5 Rad8 15.
axb6 axb6 16. Bb5 dxe4 17. Nc4 Nc5 18. Nxc5 Rxd1+ 19. Qxd1 Rd8 20. Nd7 Nxd7 21.
Be3 Bf8 22. Qe2 Bc5 23. Bg5 f6 24. Bh6 Bd5 25. Rd1 Be6 26. Qxe4 Bxf2+ 27. Kxf2
Qc5+ 28. Be3 Qxb5 29. Nxb6 Qxb2+ 30. Rd2 Nc5 0-1

[Event "Tatarstan-ch op"]
[Site "Kazan"]
[Date "2007.08.26"]
[Round "7"]
[White "Kharlov, Andrei"]
[Black "Ponfilenok, Vladimir"]
[Result "1-0"]
[WhiteElo "2549"]
[BlackElo "2404"]
[PlyCount "59"]
[EventDate "2007.08.20"]
[EventType "swiss"]
[EventRounds "9"]
[EventCountry "RUS"]
[SourceTitle "EXT 2009"]
[Source "ChessBase"]
[SourceDate "2008.11.26"]
[SourceVersion "1"]
[SourceVersionDate "2008.11.26"]
[SourceQuality "1"]

1. c4 c5 2. Nf3 Nf6 3. Nc3 e6 4. e3 d5 5. d4 a6 6. cxd5 exd5 7. Be2 Nc6 8. O-O
Bd6 9. dxc5 Bxc5 10. b3 O-O 11. Bb2 Re8 12. Rc1 Ba7 13. Rc2 Qd6 14. Rd2 Be6 15.
Nxd5 Nxd5 16. e4 Qe7 17. exd5 Bxd5 18. Bxa6 Bxf3 19. Qxf3 bxa6 20. Qc3 f6 21.
h3 Bc5 22. Qc4+ Kh8 23. Rfd1 Rac8 24. Qg4 Rcd8 25. Rxd8 Rxd8 26. Rxd8+ Qxd8 27.
Bc3 h6 28. g3 Qc7 29. Qf3 Bb6 30. Kg2 1-0

[Event "Tatarstan-ch op"]
[Site "Kazan"]
[Date "2007.08.27"]
[Round "8"]
[White "Yandemirov, Valeri"]
[Black "Kharlov, Andrei"]
[Result "0-1"]
[WhiteElo "2504"]
[BlackElo "2549"]
[PlyCount "62"]
[EventDate "2007.08.20"]
[EventType "swiss"]
[EventRounds "9"]
[EventCountry "RUS"]
[SourceTitle "EXT 2009"]
[Source "ChessBase"]
[SourceDate "2008.11.26"]
[SourceVersion "1"]
[SourceVersionDate "2008.11.26"]
[SourceQuality "1"]

1. c4 Nf6 2. g3 e5 3. Nc3 c6 4. Bg2 d5 5. cxd5 cxd5 6. d3 d4 7. Ne4 Nd5 8. Nf3
Nc6 9. O-O Be7 10. Ned2 Be6 11. Nc4 f6 12. e3 dxe3 13. Nxe3 Ndb4 14. Ne1 Nxa2
15. Bd2 Nab4 16. Bxb4 Bxb4 17. Qa4 Bxe1 18. Bxc6+ bxc6 19. Rfxe1 O-O 20. Qxc6
Bf7 21. Ra3 Qb8 22. Qc3 Rd8 23. Rea1 Rd7 24. Nc4 Kh8 25. Ra6 Qd8 26. Nb6 Rxd3
27. Qxd3 Qxd3 28. Nxa8 h5 29. Rxa7 Be6 30. h4 Qe4 31. R7a4 Qb7 0-1

[Event "Kazan Region-ch 6th"]
[Site "Kazan"]
[Date "2008.01.23"]
[Round "1"]
[White "Kharlov, Andrei"]
[Black "Tukhvatullin, Timur"]
[Result "1-0"]
[WhiteElo "2538"]
[BlackElo "2248"]
[PlyCount "67"]
[EventDate "2008.01.23"]
[EventType "swiss"]
[EventRounds "9"]
[EventCountry "RUS"]
[SourceTitle "CBM 122 Extra"]
[Source "ChessBase"]
[SourceDate "2008.03.04"]
[SourceVersion "1"]
[SourceVersionDate "2008.03.04"]
[SourceQuality "1"]

1. c4 Nf6 2. Nc3 g6 3. g3 Bg7 4. Bg2 O-O 5. d4 c5 6. Nf3 d6 7. O-O Nfd7 8. b3
Nc6 9. e3 e5 10. dxe5 dxe5 11. Ba3 Qa5 12. Na4 e4 13. Ng5 Bxa1 14. Qxa1 f5 15.
Ne6 Rf7 16. Bb2 Re7 17. Bc3 Nb4 18. Nf4 Qd8 19. Rd1 Qf8 20. Nxc5 Nxc5 21. Bxb4
b6 22. Qd4 Rd7 23. Nd5 Bb7 24. Bxc5 bxc5 25. Nf6+ Qxf6 26. Qxd7 Bc6 27. Qc7 Qe6
28. Bf1 Rf8 29. Qxa7 f4 30. Qxc5 fxg3 31. hxg3 Qf6 32. Rd2 Bb7 33. Qd6 Qg5 34.
c5 1-0

[Event "Kazan Region-ch 6th"]
[Site "Kazan"]
[Date "2008.01.24"]
[Round "2"]
[White "Kanter, Eduard"]
[Black "Kharlov, Andrei"]
[Result "0-1"]
[WhiteElo "2336"]
[BlackElo "2538"]
[PlyCount "54"]
[EventDate "2008.01.23"]
[EventType "swiss"]
[EventRounds "9"]
[EventCountry "RUS"]
[SourceTitle "CBM 122 Extra"]
[Source "ChessBase"]
[SourceDate "2008.03.04"]
[SourceVersion "1"]
[SourceVersionDate "2008.03.04"]
[SourceQuality "1"]

1. d4 Nf6 2. Nf3 d5 3. c4 e6 4. g3 dxc4 5. Bg2 Nc6 6. Qa4 Bb4+ 7. Bd2 Nd5 8.
Bxb4 Ndxb4 9. O-O Rb8 10. Nc3 a6 11. Ne5 O-O 12. Nxc6 Nxc6 13. Bxc6 bxc6 14.
Qxc4 Qd6 15. e3 Rxb2 16. Rab1 Rxb1 17. Rxb1 e5 18. dxe5 Qxe5 19. Rb8 Qd6 20. h4
h6 21. Kh2 Qd7 22. Ne2 Qd2 23. Kg1 Qe1+ 24. Kh2 Qxf2+ 25. Kh1 Qxe3 26. Rb3 Qf2
27. Qe4 Be6 0-1

[Event "Kazan Region-ch 6th"]
[Site "Kazan"]
[Date "2008.01.25"]
[Round "3"]
[White "Kharlov, Andrei"]
[Black "Varavin, Viktor"]
[Result "1-0"]
[WhiteElo "2538"]
[BlackElo "2427"]
[PlyCount "127"]
[EventDate "2008.01.23"]
[EventType "swiss"]
[EventRounds "9"]
[EventCountry "RUS"]
[SourceTitle "CBM 122 Extra"]
[Source "ChessBase"]
[SourceDate "2008.03.04"]
[SourceVersion "1"]
[SourceVersionDate "2008.03.04"]
[SourceQuality "1"]

1. e4 e5 2. Nf3 Nc6 3. Bb5 a6 4. Ba4 Nf6 5. O-O b5 6. Bb3 Be7 7. Re1 d6 8. c3
O-O 9. d3 Na5 10. Bc2 c5 11. Nbd2 Qc7 12. Nf1 Nc6 13. h3 Be6 14. Ng3 Rad8 15.
Qe2 Rfe8 16. Ng5 Bc8 17. Bb3 Rf8 18. Be3 h6 19. Nf3 d5 20. Rad1 d4 21. cxd4
cxd4 22. Bd2 a5 23. a3 a4 24. Ba2 Be6 25. Bxe6 fxe6 26. Rc1 Rc8 27. Rc2 Bd6 28.
Rec1 Qd7 29. Qe1 Rc7 30. Ba5 Rcc8 31. Bb6 Rfe8 32. Bc5 Bb8 33. Nf1 Qf7 34. Bxd4
exd4 35. Rxc6 Rxc6 36. Rxc6 Nh5 37. e5 Rf8 38. Qe4 Nf4 39. N1d2 Qb7 40. Nxd4 b4
41. axb4 Qxb4 42. Nc4 Ba7 43. Nf3 a3 44. Nxa3 Qxb2 45. Nc2 Qc1+ 46. Nce1 Qb1
47. Rc2 Bb6 48. Kh2 Ba5 49. Rc4 Qd1 50. d4 Bxe1 51. Qxe1 Qd3 52. Rc3 Qg6 53. g3
Nd5 54. Rb3 Qc2 55. Ra3 Qb2 56. Rd3 Rc8 57. Rd2 Qa3 58. Qe2 Rc1 59. Ra2 Qb3 60.
Ra8+ Kf7 61. Ng5+ Ke7 62. Qh5 Rh1+ 63. Kxh1 Qd1+ 64. Qxd1 1-0

[Event "Kazan Region-ch 6th"]
[Site "Kazan"]
[Date "2008.01.26"]
[Round "4"]
[White "Khismatullin, Denis"]
[Black "Kharlov, Andrei"]
[Result "1/2-1/2"]
[WhiteElo "2564"]
[BlackElo "2538"]
[PlyCount "46"]
[EventDate "2008.01.23"]
[EventType "swiss"]
[EventRounds "9"]
[EventCountry "RUS"]
[SourceTitle "CBM 122 Extra"]
[Source "ChessBase"]
[SourceDate "2008.03.04"]
[SourceVersion "1"]
[SourceVersionDate "2008.03.04"]
[SourceQuality "1"]

1. d4 d5 2. Nf3 e6 3. c4 dxc4 4. Nc3 a6 5. e4 b5 6. a4 Bb7 7. axb5 axb5 8. Rxa8
Bxa8 9. Nxb5 Bxe4 10. Ne5 Nc6 11. Qa4 Bb4+ 12. Nc3 Nge7 13. Nxc6 Nxc6 14. Be2
Qd5 15. Qa8+ Qd8 16. Qa4 O-O 17. O-O Bxc3 18. bxc3 Qa8 19. Qxa8 Rxa8 20. Bxc4
h6 21. Re1 Bd5 22. Bf1 Ra4 23. Bb5 Ra5 1/2-1/2

[Event "Kazan Region-ch 6th"]
[Site "Kazan"]
[Date "2008.01.27"]
[Round "5"]
[White "Kharlov, Andrei"]
[Black "Kuporosov, Viktor"]
[Result "1/2-1/2"]
[WhiteElo "2538"]
[BlackElo "2439"]
[PlyCount "103"]
[EventDate "2008.01.23"]
[EventType "swiss"]
[EventRounds "9"]
[EventCountry "RUS"]
[SourceTitle "CBM 122 Extra"]
[Source "ChessBase"]
[SourceDate "2008.03.04"]
[SourceVersion "1"]
[SourceVersionDate "2008.03.04"]
[SourceQuality "1"]

1. Nf3 Nf6 2. b3 d6 3. d4 Bg4 4. e3 e6 5. Nbd2 Be7 6. Bb2 Nbd7 7. c4 c6 8. h3
Bh5 9. Be2 d5 10. a3 a6 11. Rc1 Rc8 12. O-O O-O 13. c5 Ne4 14. Nxe4 dxe4 15.
Nd2 Bxe2 16. Qxe2 f5 17. Qc4 Rf6 18. f3 exf3 19. Rxf3 Kh8 20. Rcf1 Rg6 21. e4
Nxc5 22. exf5 exf5 23. Rxf5 Nd7 24. Nf3 Rf6 25. Ne5 Nb6 26. Qf7 Qe8 27. Rxf6
gxf6 28. Rxf6 Qxf7 29. Rxf7 Nd5 30. Ng4 Re8 31. a4 Bd6 32. Ne5 Re7 33. Rf3 Kg8
34. Bc1 Bxe5 35. dxe5 Rxe5 36. Bh6 Re8 37. h4 Ne7 38. h5 b5 39. Kh2 c5 40. axb5
axb5 41. Rg3+ Kf7 42. Rg7+ Kf6 43. Rxh7 Nf5 44. g4 Nxh6 45. Rxh6+ Kg5 46. Rg6+
Kh4 47. h6 c4 48. bxc4 bxc4 49. h7 Rh8 50. g5 c3 51. Rc6 Kxg5 52. Rxc3 1/2-1/2

[Event "Kazan Region-ch 6th"]
[Site "Kazan"]
[Date "2008.01.28"]
[Round "6"]
[White "Borisenko, Andrei"]
[Black "Kharlov, Andrei"]
[Result "1-0"]
[WhiteElo "2420"]
[BlackElo "2538"]
[PlyCount "84"]
[EventDate "2008.01.23"]
[EventType "swiss"]
[EventRounds "9"]
[EventCountry "RUS"]
[SourceTitle "CBM 122 Extra"]
[Source "ChessBase"]
[SourceDate "2008.03.04"]
[SourceVersion "1"]
[SourceVersionDate "2008.03.04"]
[SourceQuality "1"]

1. c4 e6 2. Nc3 d5 3. cxd5 exd5 4. d4 c6 5. Bf4 Nf6 6. e3 Bf5 7. Nge2 Qb6 8.
Qd2 Ne4 9. Nxe4 Bxe4 10. Nc3 Bg6 11. h4 h5 12. Bd3 Bxd3 13. Qxd3 Be7 14. O-O-O
Nd7 15. e4 Nf8 16. exd5 Ng6 17. Bg5 O-O 18. Kb1 Bb4 19. dxc6 bxc6 20. g4 Bxc3
21. Qxc3 f6 22. Qc4+ Rf7 23. gxh5 Ne7 24. Bc1 Qb5 25. Qc5 Nf5 26. Rh3 Rd8 27.
Qxb5 cxb5 28. d5 Rfd7 29. Rhd3 Kf7 30. Bf4 Rh8 31. Rb3 Rxh5 32. Rxb5 Rxh4 33.
Bb8 Rh8 34. a4 Rc8 35. Rc1 Rxc1+ 36. Kxc1 g5 37. Ra5 Ne7 38. Rxa7 Rxd5 39. b4
Ke8 40. b5 Nc8 41. Ra6 Rd4 42. Ba7 f5 1-0

[Event "Kazan Region-ch 6th"]
[Site "Kazan"]
[Date "2008.01.29"]
[Round "7"]
[White "Kharlov, Andrei"]
[Black "Sharafiev, Azat"]
[Result "0-1"]
[WhiteElo "2538"]
[BlackElo "2332"]
[PlyCount "98"]
[EventDate "2008.01.23"]
[EventType "swiss"]
[EventRounds "9"]
[EventCountry "RUS"]
[SourceTitle "CBM 122 Extra"]
[Source "ChessBase"]
[SourceDate "2008.03.04"]
[SourceVersion "1"]
[SourceVersionDate "2008.03.04"]
[SourceQuality "1"]

1. d4 e6 2. c4 b6 3. Nf3 Nf6 4. e3 Bb7 5. Bd3 Be7 6. O-O O-O 7. Nc3 d5 8. b3
Nbd7 9. Bb2 c5 10. Qe2 Rc8 11. Rfd1 Qc7 12. Rac1 dxc4 13. bxc4 Rfd8 14. d5 exd5
15. cxd5 Nxd5 16. Nxd5 Bxd5 17. Bxh7+ Kxh7 18. Rxd5 Nf6 19. Rg5 Kg8 20. h3 Ne8
21. Rg4 Bf6 22. Ng5 Qd7 23. Bxf6 Nxf6 24. Rg3 Qd3 25. Qb2 Nh5 26. Rf3 Nf6 27.
e4 Qd2 28. Qxd2 Rxd2 29. e5 Rd5 30. exf6 Rxg5 31. fxg7 Kxg7 32. a4 Rd5 33. Rb3
Rcd8 34. Rcc3 Rd1+ 35. Kh2 Ra1 36. Rc4 Rd4 37. Rxd4 cxd4 38. Rb4 d3 39. Rd4 a5
40. h4 d2 41. Rxd2 Rxa4 42. Kh3 b5 43. Rd7 Rc4 44. h5 a4 45. Ra7 Rc3+ 46. Kg4
a3 47. Ra5 Rc4+ 48. Kg5 Ra4 49. h6+ Kh7 0-1

[Event "Kazan Region-ch 6th"]
[Site "Kazan"]
[Date "2008.01.30"]
[Round "8"]
[White "Tumakov, D."]
[Black "Kharlov, Andrei"]
[Result "1/2-1/2"]
[WhiteElo "2312"]
[BlackElo "2538"]
[PlyCount "94"]
[EventDate "2008.01.23"]
[EventType "swiss"]
[EventRounds "9"]
[EventCountry "RUS"]
[SourceTitle "CBM 122 Extra"]
[Source "ChessBase"]
[SourceDate "2008.03.04"]
[SourceVersion "1"]
[SourceVersionDate "2008.03.04"]
[SourceQuality "1"]

1. d4 Nf6 2. Nc3 d5 3. Bg5 e6 4. e4 dxe4 5. Nxe4 Be7 6. Bxf6 Bxf6 7. Nf3 Nd7 8.
Qd2 O-O 9. O-O-O b6 10. Bd3 Bb7 11. h4 c5 12. Nxf6+ Nxf6 13. dxc5 Bxf3 14. gxf3
Qd5 15. Rdg1 Qxc5 16. Rxg7+ Kxg7 17. Rg1+ Ng4 18. Rxg4+ Kf6 19. Rc4 Qa5 20.
Qh6+ Ke7 21. Rc7+ Kd6 22. Qf4+ e5 23. Qf6+ Kxc7 24. Qe7+ Kc6 25. Be4+ Qd5 26.
Qf6+ Kc5 27. Qe7+ Kc6 28. Qxe5 Rad8 29. c4 Qxe4 30. fxe4 Rfe8 31. Qb5+ Kb7 32.
Qf5 Re7 33. Qxh7 Rd4 34. f3 Red7 35. a3 Rd1+ 36. Kc2 R7d2+ 37. Kb3 Rd3+ 38. Ka2
Rxf3 39. Qh5 Rff1 40. Kb3 Rd3+ 41. Ka2 Rf2 42. Qe5 Rdd2 43. h5 f6 44. Qb5 Rh2
45. c5 Rc2 46. cxb6 axb6 47. Qb3 Rc5 1/2-1/2

[Event "Kazan Region-ch 6th"]
[Site "Kazan"]
[Date "2008.01.31"]
[Round "9"]
[White "Kharlov, Andrei"]
[Black "Ospennikov, Dmitry"]
[Result "1-0"]
[WhiteElo "2538"]
[BlackElo "2217"]
[PlyCount "67"]
[EventDate "2008.01.23"]
[EventType "swiss"]
[EventRounds "9"]
[EventCountry "RUS"]
[SourceTitle "CBM 122 Extra"]
[Source "ChessBase"]
[SourceDate "2008.03.04"]
[SourceVersion "1"]
[SourceVersionDate "2008.03.04"]
[SourceQuality "1"]

1. d4 d5 2. Bf4 Nf6 3. e3 c5 4. c3 e6 5. Nf3 Be7 6. Nbd2 O-O 7. Bd3 b6 8. Ne5
Bb7 9. Qf3 Qc8 10. Qh3 Ba6 11. Bc2 Nc6 12. Bg5 g6 13. Qh4 cxd4 14. Nxc6 Qxc6
15. Bxf6 dxc3 16. bxc3 Qb5 17. c4 dxc4 18. a4 Qb2 19. Bxb2 Bxh4 20. Bc3 f5 21.
Nf3 Be7 22. Nd4 Bf6 23. O-O Bb7 24. Rfc1 Rfd8 25. Bd1 e5 26. Nf3 Rd5 27. Be2
Rc8 28. Rab1 Kf7 29. Nd2 Ba6 30. Kf1 Be7 31. e4 Rd7 32. exf5 gxf5 33. Nf3 Rd5
34. Nxe5+ 1-0

[Event "Nezhmetdinov Memorial 30th"]
[Site "Kazan"]
[Date "2008.06.01"]
[Round "1"]
[White "Kharlov, Andrei"]
[Black "Demidov, Vyacheslav"]
[Result "1-0"]
[WhiteElo "2499"]
[BlackElo "2172"]
[PlyCount "37"]
[EventDate "2008.06.01"]
[EventType "swiss"]
[EventRounds "9"]
[EventCountry "RUS"]
[SourceTitle "EXT 2009"]
[Source "ChessBase"]
[SourceDate "2008.11.26"]
[SourceVersion "1"]
[SourceVersionDate "2008.11.26"]
[SourceQuality "1"]

1. d4 Nf6 2. c4 c5 3. Nf3 cxd4 4. Nxd4 b6 5. Nc3 Bb7 6. f3 d6 7. e4 e6 8. Be3
Be7 9. Qa4+ Nfd7 10. Be2 O-O 11. O-O a6 12. Rac1 Re8 13. Rfd1 Bf8 14. a3 d5 15.
cxd5 exd5 16. Nf5 dxe4 17. Nxe4 Bxe4 18. fxe4 b5 19. Bxb5 1-0